000 00390nam a2200169 4500
020 _a9789353901622
082 _aM3
_bSHI/S
100 _aShinilal V
245 _aSambarkkakranthi/
_cby Shinilal V
250 _a10
260 _aKottayam:
_bD C Books,
_c2024.
300 _a264p.
650 _aNovel Malayalam
650 _aLiterature Malayalam
650 _aLiterature
942 _cBK
999 _c181591
_d181591